00731nam a22002057a 450000500170000001000150001702000260003203500140005803700090007208200080008110000220008924500490011126000490016027000810020930000200029065000170031094200220032799900190034995201570036820260522121252.0 aENG-148616 a9788119670611c495.00 aEN-132148 bDBAD a370 aJ S Rajput989195 aEducation For a New World Order/cJ S Rajput aNew Delhi bVitasta Publishing Pvt Ltdc2024 a2/15, Ansari Road daryaganj,bNew Delhi e110002minfo@vitastapublishing.com a178p.c22cm(pb) aNoval989196 2ddccENh370mJSR c216348d216348 001040718NFICaDBADbDBADd2026-05-22eDelivery of Books Act Divisiong495.00l0o370 JSRpEN-132148r2026-05-22 12:13:26t 1v495.00w2026-05-22yEN